Địa lí tự nhiên đại cương 2 Khí quyển và thủy quyển

Zapisane w:
Opis bibliograficzny
1. autor: Hoàng, Ngọc Oanh
Format: Książka
Język:Undetermined
Wydane: Hà Nội Đại học Sư phạm 2004
Hasła przedmiotowe:
Etykiety: Dodaj etykietę
Nie ma etykietki, Dołącz pierwszą etykiete!
Thư viện lưu trữ: Trung tâm Học liệu Trường Đại học Cần Thơ
LEADER 00579nam a2200205Ia 4500
001 CTU_98303
008 210402s9999 xx 000 0 und d
020 |c 23000 
082 |a 910.01 
082 |b O.408 
100 |a Hoàng, Ngọc Oanh 
245 0 |a Địa lí tự nhiên đại cương 2 
245 0 |b Khí quyển và thủy quyển 
245 0 |c Hoàng Ngọc Oanh 
260 |a Hà Nội 
260 |b Đại học Sư phạm 
260 |c 2004 
650 |a Geography 
904 |i Năm 
980 |a Trung tâm Học liệu Trường Đại học Cần Thơ